| 000 | 00000nam##2200000za#4500 |
| 001 | 9.615714 |
| 003 | CaOODSP |
| 005 | 20210615101244 |
| 007 | ta |
| 008 | 150406|2001||||xxc||||| f|0| 0 eng|d |
| 020 | |a0-662-30857-3 |
| 040 | |aCaOODSP|beng |
| 043 | |an-cn--- |
| 086 | 1 |aNH18-24/28EE |
| 110 | 2 |aCanada Mortgage and Housing Corporation. |
| 245 | 10|aBefore your start renovating your bathroom |
| 260 | |aOttawa - Ontario : |bCanada Mortgage and Housing Corporation |c2001. |
| 300 | |a6p. : |billus. ; |c28 cm. |
| 490 | 1 |aAbout your house |vCE28E |
| 563 | |aPamphlet |
| 590 | |a01-29|b2001-07-20 |
| 775 | 08|tAvant de rénover votre salle de bains |w(CaOODSP)9.625740 |
| 776 | 0#|tBefore you start renovating your bathroom |w(CaOODSP)9.571805 |
| 830 | #0|aAbout your house ;|vCE28E|w(CaOODSP)9.514828 |